000
00316nam a2200121Ia 4500
008
190722s9999 xx 000 0 und d
020
_a
978-1-4354-6065-2
100
_a
Stanley R. Alten
245
0
_a
Recording And Producing Audio For Media
260
_a
Boston
_b
Cengage Learning
_c
2012
300
_a
736
942
_c
BK
999
_c
1058
_d
1058